00350nam a22001097a 4500040000900000082001200009100005800021110004000079245006100119260004400180650001600224 cNUST a220 PRO aMuhammad Ali Memon Syeda Khadija Gillani Umeimah Zia  aProject Supervisor Dr Shahzor Ahmed aPR-SOF-2078-Traffic Sign Recognition Using Deep Learning aISLAMABAD:bNUST COLLEGE OF EME,c2021. aDE-ELECT-39